MS-Word 2000 in a nutshell / (Record no. 122606)

MARC details
000 -LEADER
fixed length control field 00720nam a22002417a 4500
003 - CONTROL NUMBER IDENTIFIER
control field dpl
005 - DATE AND TIME OF LATEST TRANSACTION
control field 20170124105913.0
008 - FIXED-LENGTH DATA ELEMENTS--GENERAL INFORMATION
fixed length control field 161004b xxu||||| |||| 00| 0 eng d
010 ## - LIBRARY OF CONGRESS CONTROL NUMBER
LC control number B-045443
020 ## - INTERNATIONAL STANDARD BOOK NUMBER
Terms of availability 90.00
International Standard Book Number 8125909842
035 ## - SYSTEM CONTROL NUMBER
System control number B-045443
037 ## - SOURCE OF ACQUISITION
Source of stock number/acquisition Cen Lib/Ret
040 ## - CATALOGING SOURCE
Original cataloging agency DPL
Language of cataloging EN
Transcribing agency TIT
082 ## - DEWEY DECIMAL CLASSIFICATION NUMBER
Classification number 005.3
Item number SAX
100 ## - MAIN ENTRY--PERSONAL NAME
Personal name Saxena, Sanjay
9 (RLIN) 1120
245 ## - TITLE STATEMENT
Title MS-Word 2000 in a nutshell /
Statement of responsibility, etc by Sanjay Saxena
260 ## - PUBLICATION, DISTRIBUTION, ETC. (IMPRINT)
Place of publication, distribution, etc New Delhi
Name of publisher, distributor, etc Vikas Publishing House
Date of publication, distribution, etc 2000
270 ## - ADDRESS
City New Delhi
Address 576, Masjid Road, Jangpua
Postal code 110014
300 ## - PHYSICAL DESCRIPTION
Extent 141p.
Dimensions 21cm(pbk)
650 ## - SUBJECT ADDED ENTRY--TOPICAL TERM
Topical term or geographic name as entry element Computer science
Chronological subdivision
9 (RLIN) 107193
650 ## - SUBJECT ADDED ENTRY--TOPICAL TERM
Topical term or geographic name as entry element Computer programming
9 (RLIN) 1122
942 ## - ADDED ENTRY ELEMENTS (KOHA)
Source of classification or shelving scheme Dewey Decimal Classification
Koha item type English Books
Classification part 005.3
Call number suffix SAX
Holdings
Withdrawn status Lost status Damaged status Not for loan Collection code Home library Current library Date acquired Source of acquisition Cost, normal purchase price Total Checkouts Full call number Barcode Date last seen Copy number Cost, replacement price Price effective from Koha item type Date checked out
      Not For Loan Reference Central Library Central Library 28/05/2015 Cen Lib/Ret 90.00   005.3 SAX B-045443 28/05/2015 1 90.00 15/09/2016 English Books  
          Central Library Central Library 24/07/2015 Cen Lib/Ret 0.00 1 005.3 SAX B-045444 27/11/2017 1 0.00 24/07/2015 English Books 14/11/2017

© Delhi Public Library
Hit Counter
free hit counter